000 00330nam a22001457a 4500
020 _a978-81-286-3238-9
082 _a823
_bDIS/F
100 _aDISNEY
245 _aFAMILY STORY COLLECTION
260 _aMUMBAI
_bEURO BOOKS
300 _a32
520 _aENGLISH SHORT STORY
650 _aENGLISH SHORT STORY
_zMUMBAI
942 _cBK
999 _c5400
_d5400